Countries That Share Islands - Statistics

General Stats
  • This quiz has been taken 992 times
    960 since last reset
  • The average score is 12 of 17
Answer Stats
Island Countries % Correct
United Kingdom
99%
Indonesia
97%
Ireland Ireland
97%
Haiti
95%
Malaysia
94%
Hispaniola Dominican Republic
93%
Borneo Brunei
91%
Saint Martin France
79%
Tierre Del Fuego Argentina
77%
Chile
76%
Netherlands
75%
Nova Zemlia Russia
56%
Market Finland
45%
Sweden
44%
Usedom Germany
34%
Poland
33%
Ukraine
21%
No matching quizzes found
Score Distribution
Percent of People with Each Score
Percentile by Number Answered
Your Score History
You have not taken this quiz since the last reset